Представление документа в формате RUSMARC

ПолеНазваниеЗначение
  Тип записи a
  Библиографический уровень m
001 Контрольный номер RU/REG73/CBS_GRAD/654539793
005 Дата корректировки 20221122154924.6
101 Язык документа __
a Язык текста rus
200 Заглавие и сведения об ответственности __
a Заглавие Эрмитаж
e Сведения, относящиеся к заглавию По выставкам и залам
f Первые сведения об ответственности Юрий Горациевич Шапиро
b Общее обозначение материала Текст
203 Вид содержания и тип средства __
a Вид содержания Текст (визуальный) : непосредственный
210 Выходные данные __
a Место издания Ленинград
c Издательство Искусство
d Дата издания 1983
215 Физическое описание __
a Объем 232 с.
686 Индексы других классификаций __
a Классификационный индекс 85.101
700 Автор __
a Фамилия Шапиро
g Полное личное имя Юрий Горациевич
801 Источник записи _0
a Страна RU
b Организация RuCBSGrad
g Правила каталогизации PSBO
801 Источник записи _1
a Страна RU
b Организация RuCBSGrad
g Правила каталогизации PSBO
901 Тип документа __
t Тип документа m
981 __
b i
g e
2 isbdcontent
982 __
b n
2 isbdmedia
993 __
a 16494
b 6827
c Ретро
e 22225
f ЦГДБ
h 2.10
i 22225
m 1
n 44101.57853
o I
x 1
y 1
z 85